| 000 | 00644cam a22002534a 4500 | ||
|---|---|---|---|
| 003 | UPN | ||
| 005 | 20230202063728.0 | ||
| 008 | 090216s2006 mx r 000 f spa d | ||
| 020 | _a9687791772 | ||
| 035 | _aUPN01000169270 | ||
| 040 |
_aUPN _bspa _cUPN |
||
| 049 | _aCG | ||
| 050 | 4 |
_aPQ7298.23 A46 _bU45 2006a |
|
| 100 | 1 |
_aMalpica Maury, Antonio, _d1967- _930238 |
|
| 245 | 1 | 0 | _aUlises 2300. |
| 250 | _aSegunda edición | ||
| 260 |
_aMéxico : _bSM, _c2006. |
||
| 300 | _a195 páginas | ||
| 490 | 0 |
_aGran angular ; _v14 |
|
| 650 | 4 |
_aNovela mexicana _ySiglo XX _96052 |
|
| 905 | _aLibro | ||
| 942 |
_2lcc _cLIBRO |
||
| 999 |
_c141376 _d141376 |
||